Responses for Show #5804 - Thursday, December 3, 2009

Dave Belote game 2.

Contestants

[<< previous game]

Emily Brown, a fund-raiser from Lincoln, Rhode Island

Todd Ryan, a biology student from Jacksonville, Florida

Dave Belote, the base commander from Nellis Air Force Base, Las Vegas (whose 1-day cash winnings total $39,999)

[next game >>]

Jeopardy! Round responses

NATIONAL ANTHEMS
DOUBLE-LETTER WORDS
JAILHOUSE ROCK
ALSO A U.S. STATE
COMMON LAST NAME'S THE SAME
WOODSTOCK
(Jimmy: From the Museum at Bethel Woods--clues about the site that symbolized a generation 40 years ago.) (Alex: 40 years ago--I'm the only one here who can remember 40 years ago.)
    $200 1
the United Kingdom

Todd
    $200 30
Allah

Emily
    $200 12
Alcatraz

Todd
    $200 17
the USS Maine

Todd
    $200 7
(Todd: Ugh... who is Alston?)
(Dave: Who is Jackson?)

Johnson

DaveTodd
Triple Stumper
    $200 2
John & Yoko

Todd
    $400 22
China

Todd
    $400 29
(Emily: Uh, what is trapped?)
(Todd: What is a force-out?)

a pickoff

DaveToddEmily
    $400 13
Mandela

Dave
    $400 18
(Todd: Uh, what is a jersey?)

a New Jersey

DaveTodd
    $400 8
Jones

Dave
    $400 3
Jimi Hendrix

Todd
    $600 23
Egypt

Todd
    $600 28
to coddle

Dave
    $600 14
Devil's Island

Emily
    $600 19
Kansas

Todd
    $600 9
Smith

Emily
    $600 4
[ERRATUM: The correct response was briefly partially visible on-screen during the video clue.]

Ravi Shankar

Emily
    $800 24
Ireland

Dave
    $800 27
to whittle

Todd
    $800 15
Turkey

Dave
    $4,000 20
South Dakota

Todd
    $800 10
Thomas

Emily
    $800 5
(Todd: I'll take WOODSTOCK for $1,000, please.)
(Alex: You're in your category, aren't you?)
(Todd: That's right.)

Iron Butterfly

Todd
    $1000 25
Australia

Dave
    $1000 26
rubber

Emily
    $1000 16
Château d'If

Todd
    $1000 21
Georgia

Dave
    $1000 11
[Emily delivers her response, her own surname, with a pleased smile.]
(Alex: [*], Gatemouth [*], yep.)

Brown

Emily
    $1000 6
(Emily: Who is Taj Mahal?)

Richie Havens

ToddEmily

Scores at the first commercial break (after clue 15):

Dave Todd Emily
$1,400 $2,600 $2,600

Scores at the end of the Jeopardy! Round:

Dave Todd Emily
$5,600 $9,400 $3,400

Double Jeopardy! Round responses

MATH
MILESTONE BIRTHDAYS 2009
OPERA
LETTER, PLEASE
DEATH IN VENICE
LIFE IN DES MOINES
    $400 11
& then

Todd
    $400 16
Catherine Zeta-Jones

Emily
    $400 23
Geoffrey Chaucer

Todd
    $400 6
B

Dave
    $400 1
Guggenheim

Emily
    $400 21
the Capitol

Dave
    $800 12
a triangle

Todd
    $800 17
Bill O'Reilly

Dave
    $4,000 29
Esméralda

Emily
    $800 7
U

Dave
    $800 2
[ERRATUM: Gustav von Aschenbach, not "Gustave", was the main character of Death in Venice.]

Thomas Mann

Dave
    $800 22
High Life

Emily
    $1200 13
the y-axis

Todd
    $1200 18
Arnold Palmer

Todd
    $1200 27
(Emily: Who is Sleeping Beauty?)

Cinderella (La Cenerentola)

Emily
Triple Stumper
    $1200 8
X

Dave
    $1200 3
(Richard) Wagner

Emily
    $1200 24
agriculture

Dave
    $1600 14
(Todd: What is the integral? [*]?)

integration

Todd
    $1600 19
(John) Krasinski

Emily
    $1600 26
Cavalleria rusticana

Triple Stumper
    $1600 9
(Alex: [Accepting Todd's response] Oh! Dave will never forgive you for getting in ahead of him on that one.)
(Dave: He's fast.)
(Alex: Yes, he is.)

F

Todd
    $3,000 4
(Christian) Doppler

Emily
    $1600 25
(Alex: Sherlock Holmes and Watson again.)

gay marriage

Emily
    $2000 15
(Alex: Those things you fly.)

a plane

Dave
    $2000 20
Mandy Moore

Todd
    $2000 28
The Rake's Progress

Triple Stumper
    $2000 10
a

Todd
    $2000 5
Sergei Diaghilev

Triple Stumper
    $2000 30
The Des Moines Register

Triple Stumper

Scores at the end of the Double Jeopardy! Round:

Dave Todd Emily
$13,200 $20,600 $15,200

[wagering suggestions for these scores]

Final Jeopardy! Round responses

SHAKESPEARE'S WOMEN
DaveWho is Regan?
$7,401
EmilyWho is Cornelia?
$15,200
ToddWho is Cordelia
$0
Regan (from King Lear)

Final scores:

Dave Todd Emily
$20,601 $20,600 $0
2-day champion: $60,600 2nd place: $2,000 3rd place: $1,000

Game dynamics:

Coryat scores:

Dave Todd Emily
$13,200 $17,400 $10,600
17 R,
1 W
22 R
(including 1 DD),
3 W
15 R
(including 2 DDs),
3 W

Combined Coryat: $41,200

[game clues] [game scores] [suggest correction]

Game tape date: 2009-10-14
The J! Archive is created by fans, for fans. Scraping, republication, monetization, and malicious use prohibited; this site may use cookies and collect identifying information. See terms. The Jeopardy! game show and all elements thereof, including but not limited to copyright and trademark thereto, are the property of Jeopardy Productions, Inc. and are protected under law. This website is not affiliated with, sponsored by, or operated by Jeopardy Productions, Inc. Join the discussion at JBoard.tv.